000 00555nam a22002052 4500
001 0000004254
005 20151217145801.0
008 070521s xx 000 0 eng d
020 _a0521378974 :
_cKES 2,998.50
040 _aKABU
_cKABU
050 0 _aQA871
_b.H56
100 1 _aHinch, E. J.
_@0000154726
245 1 0 _aPerturbation methods.
260 _aCambridge :
_bCUP,
_c1991.
300 _axi, 160 p.
650 0 _aPerturbation (Mathematics)
_@0000147987
908 _a070521
950 _@1
999 _c2571
_d2571